000 00339nam a22001217a 4500
020 _a0471135038
082 _222
_a658.404
100 _aMartin, Paula and Tate Karen.
245 _aGetting started in project management /
260 _aNew Delhi,
_bJohn Wiley and Sons,
_cc2001.
300 _aviii, 263p. ;
_bill. ;
_c23 cm.
942 _2ddc
_cMAG
_09
999 _c27
_d27